[Event "1st GM Brena Baja-La Palma 2019"]
[Site "La Palma"]
[Date "2019.03.29"]
[Round "1.1"]
[White "Alvarado Diaz, Alejandro"]
[Black "Gonzalez Perez, Arian"]
[Result "1/2-1/2"]
[WhiteElo "2399"]
[BlackElo "2467"]
[Annotator "TA"]
[PlyCount "68"]
[EventDate "2019.03.23"]
[EventType "tourn"]
[EventCountry "ESP"]
[SourceTitle "playchess.com"]
[Source "ChessBase"]
[SourceQuality "1"]

{[%evp 16,68,28,33,38,32,35,0,29,23,37,32,36,13,29,19,58,68,82,44,46,34,41,40,64,18,60,69,92,89,166,70,84,68,96,67,103,117,105,33,65,13,35,6,12,7,20,32,29,34,51,26,29,23,55]} 1. d4 Nf6 2. Nf3 g6 3. e3 Bg7 4. Be2 c5 5. O-O cxd4 6. exd4 d5 7. c3 Nc6 8. h3 O-O 9. Bf4 Bf5 {D02: 1 d4 d5 2 Nf3 sidelines, including 2...Nf6 3 g3 and 2...Nf6 3 Bf4} (9... b6 10. Nbd2 Bb7 11. Bd3 Re8 12. Re1 Nd7 13. a4 e5 14. dxe5 Ndxe5 15. Bb5 Re6 16. Nd4 Nxd4 17. cxd4 {1-0 (42) Aleksandrov,A (2585)-Burmakin,V (2494) St Petersburg 2018}) 10. Nbd2 Ne4 11. Nb3 h6 $146 {The position is equal.} ({Predecessor:} 11... f6 12. c4 Kh8 13. Rc1 Rc8 14. cxd5 {1-0 (49) Sawatzki,F (2215)-Kuech,H Kassel 1992}) 12. Bh2 Qb6 13. a4 a5 14. Ra2 Rac8 15. Nc1 Nb8 16. Nd3 Nd7 17. Nf4 Ndf6 18. Ne5 g5 19. Nfd3 Nd7 20. Ra3 Nxe5 21. Rb3 $1 {[%cal Rb3b6]} Qa7 {Hoping for ...Nc4.} 22. Nxe5 f6 {[#]} (22... b6 $16) 23. Nd3 (23. Ng4 $1 $18) 23... Bd7 24. Ra3 Qb6 25. Kh1 Rcd8 26. f3 Nd6 27. Rb3 (27. Nc5 $16) 27... Qa7 28. Nc5 ({Better is} 28. Re1 $14) 28... Bc8 $11 29. Ra3 b6 30. Nb3 e6 31. Re1 Rfe8 32. Bd3 Ba6 33. Ra1 Bxd3 34. Qxd3 Nc4 {Accuracy: White = 36%, Black = 34%.} 1/2-1/2

[Event "1st GM Brena Baja-La Palma 2019"]
[Site "La Palma"]
[Date "2019.03.29"]
[Round "1.2"]
[White "Juhasz, Armin"]
[Black "Napoli, Nicolo"]
[Result "1-0"]
[WhiteElo "2375"]
[BlackElo "2321"]
[Annotator "TA"]
[PlyCount "97"]
[EventDate "2019.03.23"]
[EventType "tourn"]
[EventCountry "ESP"]
[SourceTitle "playchess.com"]
[Source "ChessBase"]
[SourceQuality "1"]

{[%evp 12,97,12,9,16,8,7,27,9,0,62,-2,107,104,91,119,105,88,88,92,123,128,137,116,119,133,168,157,347,297,343,346,349,350,322,297,246,121,126,108,121,90,221,95,116,45,89,94,93,92,221,151,679,666,750,560,747,695,671,674,645,654,837,531,481,319,327,295,717,524,967,585,577,577,572,562,495,497,481,476,459,394,537,454,758,767,770,756]} 1. Nf3 Nf6 2. g3 d5 3. Bg2 e6 4. O-O Be7 5. b3 O-O 6. Bb2 a5 7. a4 Nbd7 {A06: Réti Opening:1 Nf3 d5} (7... b6 8. d3 Bb7 9. Nbd2 Nbd7 10. c4 Re8 11. Rc1 Bb4 12. Ne5 Nxe5 13. Bxe5 Nd7 14. Bb2 Nc5 15. Nf3 {½-½ (41) Atabayev,M (2492)-Lomasov,S (2441) Moscow 2017}) 8. d3 c6 9. Nbd2 b5 $146 {White has an edge.} ({Predecessor:} 9... Qc7 10. c4 Rb8 11. Qc2 b6 12. d4 Ba6 13. Rfe1 Bb4 14. Rec1 {1-0 (33) Westphal,N (1947)-Krueger,B (1698) Binz 2017}) 10. e4 Ba6 (10... b4 $11) 11. Re1 ({White should play} 11. axb5 $14 Bxb5 12. Qe2) 11... Rb8 (11... b4 $11) 12. Nd4 $16 Qb6 13. axb5 Bxb5 14. Nxb5 Qxb5 15. c4 dxc4 16. dxc4 Qb6 17. e5 Ne8 18. Ne4 Nc5 19. Bd4 Nc7 $2 (19... g6 $16 {was worth a try.} 20. Qf3 Qb4) 20. Nf6+ $18 Bxf6 21. exf6 Rfd8 22. Qg4 {[%csl Gd4,Gf6][%cal Rg4g7]} ({Not} 22. fxg7 Qxb3 23. Bf1 (23. Bxc6 Qxc4 24. Rc1 Qxd4 $11) (23. Rxa5 $2 Qxd1 24. Rxd1 Nb3 $19 {[%mdl 64] Double Attack}) 23... Qb4 $11) 22... Ne8 23. fxg7 Qb4 24. Bxc5 ({Worse is} 24. Bxc6 Nxb3 25. Be5 Nxa1 $11) (24. Rad1 $18) 24... Qxc5 $16 25. Re3 Nd6 26. Rae1 Nf5 (26... a4 $16) 27. Re5 (27. Qh5 $1 $18 {Strongly threatening g4.} Qd4 28. Be4) 27... Qd4 28. Qf3 ({Better is} 28. Qg5 $1 $16) 28... c5 {[#]} 29. Bh3 $1 $36 {[%cal Rh3f5][%mdl 2048] White is on the roll.} Nxg7 30. Kg2 Rbc8 (30... f5 $16) 31. R1e4 Qd6 $2 {[#]} (31... Qd3 $16) 32. Qf6 $1 $18 {White wants to mate with Rg5.} Qc6 33. Bg4 Ne8 34. Rg5+ Kf8 35. Qh6+ Ke7 36. Bf3 Qc7 37. Rf4 Rd4 38. Rxd4 cxd4 39. Qh4 ({Don't play} 39. Qxh7 $6 Nf6 $18) 39... f6 $2 (39... Nf6 40. Qxd4 Rb8) 40. Rb5 Nd6 41. Rh5 h6 42. Rxh6 Rf8 43. Rh7+ Rf7 44. Rxf7+ Nxf7 45. Qxd4 Ne5 46. Qe4 Kd6 47. Qa8 {White is clearly winning.} Nd7 (47... Kd7 $142 48. h4 Qb6) 48. h4 f5 49. h5 {Accuracy: White = 57%, Black = 31%.} 1-0

[Event "1st GM Brena Baja-La Palma 2019"]
[Site "La Palma"]
[Date "2019.03.29"]
[Round "1.3"]
[White "Munoz, Miguel"]
[Black "Hernandez Leon, Alberto"]
[Result "1-0"]
[WhiteElo "2482"]
[BlackElo "2280"]
[Annotator "TA"]
[PlyCount "117"]
[EventDate "2019.03.23"]
[EventType "tourn"]
[EventCountry "ESP"]
[SourceTitle "playchess.com"]
[Source "ChessBase"]
[SourceQuality "1"]

{[%evp 19,117,0,0,0,0,-12,0,0,13,0,13,12,7,-9,24,15,58,48,56,65,55,38,18,29,27,18,23,19,37,16,28,16,35,14,39,17,41,22,239,219,226,205,215,215,224,222,235,238,249,184,181,192,552,547,520,377,573,555,551,584,580,576,503,402,1133,1207,1651,1563,1917,1740,1817,1914,1398,1335,1545,1541,4137,4137,4137,4137,4137,4137,4129,3262,1222,527,29969,502,686,462,29971,29972,29978,29979,29978,29979,29979,29980,29988,29981]} 1. e4 c5 2. Nf3 d6 3. Bb5+ Bd7 4. Bxd7+ Qxd7 5. O-O Nf6 6. Re1 Nc6 7. d4 cxd4 8. Nxd4 e6 9. c4 Be7 10. Nc3 O-O 11. Nc2 {B52: Sicilian: Moscow Variation with 3...Bd7} (11. b3 Rfd8 12. Bb2 Rac8 13. Qd3 a6 14. Nxc6 Qxc6 15. Rad1 Qc5 16. Re2 Ne8 17. Na4 Qc6 18. Qe3 b5 19. cxb5 axb5 20. Nb6 Rc7 {½-½ (56) Tiviakov,S (2613)-Arab,A (2465) Algiers 2016}) 11... Rac8 12. b3 a6 $146 ({Predecessor:} 12... Rfd8 13. Bb2 d5 14. cxd5 exd5 15. exd5 Nxd5 16. Nxd5 Qxd5 17. Ne3 Qxd1 18. Rexd1 Bc5 {½-½ (42) Munoz Pantoja,M (2438)-Escuder Vilaltella,J (2228) Barcelona 2003}) 13. Bb2 {The position is equal.} Qc7 14. Qe2 Rfe8 15. Rad1 Qa5 16. Ne3 Rb8 17. a3 b5 18. b4 Qb6 19. cxb5 axb5 20. Kh1 Ne5 {[%cal Bc6e5,Be5g6,Bg6h4][%mdl 32]} 21. f4 Ng6 22. Rf1 Qb7 23. Nc2 e5 24. fxe5 dxe5 25. Qf3 Nh4 26. Qf2 Nxe4 27. Qxf7+ Kh8 28. Nd5 Rf8 $2 (28... Ng6 $11 {and Black is okay.} 29. Qf3 Nd6) 29. Qxe7 $40 {[%mdl 192] [#] Double Attack. Black is in trouble.} Nf2+ 30. Rxf2 Qxe7 31. Nxe7 Rxf2 32. Bxe5 Rbf8 {( -> ...Rf1+)} 33. Ne3 Re2 34. N7d5 {Threatens to win with Bd4.} Nxg2 {[#]} 35. Rg1 $1 {[%cal Rg1g2]} ({Much less strong is} 35. Nxg2 $6 Rxe5 36. Kg1 g6 $14) 35... Rff2 $2 (35... Re8) 36. Ng4 ({Less strong is} 36. Nxg2 Rxe5 37. Ngf4 Ra2 $14) (36. Rxg2 Rxg2 37. Nxg2 Rxe5 $16) 36... Rf5 37. Rxg2 Rxg2 (37... Re1+ {keeps fighting.} 38. Rg1 Rxg1+ 39. Kxg1 Rg5) 38. Kxg2 Rg5 39. Nde3 h5 40. h4 Rg6 41. Kg3 hxg4 (41... Kh7 $142 42. Ba1 hxg4) 42. Nf5 Re6 43. Bxg7+ Kh7 44. Kxg4 Re2 45. Bd4 Rg2+ 46. Ng3 Ra2 47. Ne4 Rxa3 48. Ng5+ Kh6 49. Nf7+ Kh7 50. Nd6 Ra8 51. Kh5 Rg8 52. Ne4 (52. Bc5 $142 Rb8 53. Ne4) 52... Rd8 53. Ng5+ (53. Bf6 $142 Rd7 54. Ng5+ Kg8 55. Kg6 Rg7+ 56. Kf5 Rd7 57. h5 Rd2 58. h6) 53... Kg8 54. Bf6 Rd7 (54... Rd6 $18) 55. Kg6 {White mates.} Rb7 56. h5 Rd7 57. h6 Rh7 58. Be5 Rd7 59. Kf5 {Accuracy: White = 65%, Black = 34%.} ({Not} 59. h7+ Rxh7 60. Bd6 Ra7 $18) 1-0

[Event "1st GM Brena Baja-La Palma 2019"]
[Site "La Palma"]
[Date "2019.03.29"]
[Round "1.4"]
[White "Herrera Reyes, Jose Antonio"]
[Black "Ladron De Guevara Pinto, Paolo"]
[Result "1-0"]
[WhiteElo "2324"]
[BlackElo "2429"]
[Annotator "TA"]
[PlyCount "49"]
[EventDate "2019.03.23"]
[EventType "tourn"]
[EventCountry "ESP"]
[SourceTitle "playchess.com"]
[Source "ChessBase"]
[SourceQuality "1"]

{[%evp 17,49,0,0,-38,-30,-26,0,-4,0,-52,-33,-48,-66,-68,111,106,104,102,109,92,129,102,149,156,164,147,222,237,221,229,243,235,580,564]} 1. Nf3 d5 2. g3 g6 3. Bg2 Bg7 4. O-O e5 5. d3 Ne7 6. c4 O-O {A07: Réti Opening: New York and Capablanca Systems} (6... c6 7. Nc3 O-O 8. Qc2 d4 9. Ne4 f5 10. Ned2 c5 11. b4 Nbc6 12. bxc5 e4 13. Ng5 h6 14. Ngxe4 fxe4 15. Nxe4 {0-1 (27) Petrosian,T (2598)-Cheparinov,I (2709) St Petersburg 2018}) 7. cxd5 Nxd5 8. Bg5 f6 9. Bd2 Be6 {LiveBook: 3 Games} 10. e4 Nb6 $146 ({Predecessor:} 10... Ne7 11. Be3 Nbc6 12. d4 exd4 13. Nxd4 Nxd4 14. Bxd4 {0-1 (41) Filipowicz,A (2390)-Schinzel,W (2385) Lodz 1980}) 11. Be3 Na6 12. a3 c5 13. b4 ({White should play} 13. Nc3 $11) 13... cxb4 $15 14. axb4 Nxb4 15. Bc5 Nxd3 $2 (15... a5 $15 {stays ahead.} 16. Bxf8 Bxf8) 16. Bxb6 $1 $16 Qxb6 17. Qxd3 Rfd8 18. Qe2 Qc7 19. Na3 {[%cal Bb1a3,Ba3c4,Bc4b6,Bb6d5,Bd5f6][%mdl 32]} a6 20. Rfc1 Qf7 21. Nc4 b5 (21... Bh6 $16) 22. Nb6 $18 Ra7 23. Qe3 Bf8 {[#]} 24. Nd5 $1 Kg7 $2 {[#]} (24... Bxd5 {is a better chance.} 25. exd5 Raa8) 25. Nxf6 $1 {[%mdl 512] Accuracy: White = 63%, Black = 26%.} 1-0

[Event "1st GM Brena Baja-La Palma 2019"]
[Site "La Palma"]
[Date "2019.03.29"]
[Round "2.1"]
[White "Gonzalez Perez, Arian"]
[Black "De Verdier, Michael"]
[Result "1/2-1/2"]
[WhiteElo "2467"]
[BlackElo "2306"]
[Annotator "TA"]
[PlyCount "91"]
[EventDate "2019.03.23"]
[EventType "tourn"]
[EventCountry "ESP"]
[SourceTitle "playchess.com"]
[Source "ChessBase"]
[SourceQuality "1"]

{[%evp 12,91,16,25,25,18,45,42,46,36,35,38,38,39,37,40,34,29,45,22,25,29,35,26,51,16,44,31,42,18,24,29,30,0,79,0,0,7,25,0,55,58,103,102,102,97,173,83,86,92,81,90,80,83,72,80,85,85,112,105,147,143,224,213,268,268,234,0,0,0,0,0,0,0,0,0,0,0,0,0,0,0]} 1. e4 e6 2. d3 c5 3. Nf3 b6 4. g3 Bb7 5. Bg2 d6 6. O-O Nf6 7. Re1 Be7 {A05: Réti Opening: 1 Nf3 Nf6} 8. c4 Nbd7 9. Nc3 a6 {White is slightly better.} 10. b3 Qc7 11. Bb2 O-O 12. d4 cxd4 13. Nxd4 Rac8 (13... Rfe8 14. Rc1 Rac8 15. h3 Qb8 16. Qe2 Bf8 17. Rcd1 Ba8 {0-1 (48) Dubov,D (2701)-Grischuk,A (2767) Moscow 2018}) 14. Rc1 Qb8 15. Rc2 Rfd8 $146 ({Predecessor:} 15... Nc5 16. Rd2 Qa8 17. Qe2 Rfd8 18. f3 {0-1 (43) Volikov,N-Slekys,E (2320) Budapest 1990}) 16. Rd2 Bf8 17. Qe2 Re8 18. h3 g6 19. Nc2 Qa8 20. f4 b5 21. cxb5 axb5 22. Qxb5 Ba6 (22... Nc5 $11 {keeps the balance.}) 23. Qa4 ({White should play} 23. Qa5 $16) 23... Nc5 $1 $11 {[%cal Rc5a4]} 24. Qd4 e5 25. Qe3 exf4 (25... Bb7 $11) 26. Qxf4 $14 Nh5 27. Qe3 Bb7 28. Nb4 {aiming for Ncd5.} Nf6 {[#]} (28... Nxe4 $16 29. Nxe4 (29. Bxe4 Bxe4 30. Nxe4 f5 $14) 29... d5) 29. Nbd5 (29. Qf2 $1 $18 {[%cal Rf2f6]} Bg7 30. Rf1 (30. Rxd6 Nfxe4 31. Nxe4 Bxb2 $14)) 29... Nxd5 30. Nxd5 {Strongly threatening Nf6+.} Bxd5 31. Rxd5 $40 {[%mdl 128] White goes for the king.} ({Stronger than} 31. Qc3 Re5 $17) 31... Qxd5 ({Avoid the trap} 31... Qxa2 $2 32. Qd4 $18) 32. exd5 Rxe3 33. Rxe3 Bh6 34. Re2 Ra8 35. Bd4 Nd3 {[#]} 36. a4 $1 Rb8 (36... Nc5 $16) 37. a5 $18 Bg7 38. Bxg7 Kxg7 {[%mdl 4096] Endgame KRB-KRN} 39. a6 $2 (39. Ra2 $18) 39... Ra8 $11 {The position is equal.} 40. Bf1 {Threatens to win with Ra2.} Nb4 41. Kf2 Kf6 42. Re4 Nxa6 43. Rf4+ Ke7 44. Re4+ Kf6 45. Rf4+ Ke7 46. Re4+ {Accuracy: White = 66%, Black = 57%.} 1/2-1/2

[Event "1st GM Brena Baja-La Palma 2019"]
[Site "La Palma"]
[Date "2019.03.29"]
[Round "2.2"]
[White "Ladron De Guevara Pinto, Paolo"]
[Black "Lemos, Damian"]
[Result "0-1"]
[WhiteElo "2429"]
[BlackElo "2482"]
[Annotator "TA"]
[PlyCount "96"]
[EventDate "2019.03.23"]
[EventType "tourn"]
[EventCountry "ESP"]
[SourceTitle "playchess.com"]
[Source "ChessBase"]
[SourceQuality "1"]

{[%evp 20,96,35,20,22,15,17,11,22,9,14,-4,10,11,68,51,58,54,45,56,54,16,41,41,44,45,41,41,45,42,46,28,43,53,69,-12,130,135,129,136,106,93,143,151,157,132,166,126,135,104,146,47,77,0,0,-10,-8,-11,-11,-11,-10,0,0,0,0,-638,-628,-847,-816,-793,-775,-1319,-502,-502,-502,-492,-498,-496,-446]} 1. e4 e5 2. Nf3 Nc6 3. Bb5 a6 4. Ba4 Nf6 5. O-O Be7 6. Re1 b5 7. Bb3 d6 8. c3 O-O 9. h3 Na5 10. Bc2 c5 11. d3 Bd7 {C96: Closed Ruy Lopez: Chigorin Defence: 11 d4, replies other than 11...Qc7} (11... Re8 12. d4 Nd7 13. d5 Bf8 14. Nbd2 g6 15. Nf1 Bg7 16. g4 c4 17. Ng3 Nb7 18. Be3 Ndc5 19. b4 cxb3 20. axb3 {1-0 (47) Alekseev,E (2616)-Kovalev,V (2639) Tallinn 2018}) 12. Nbd2 Rc8 13. Nf1 Re8 {The position is equal.} 14. Ng3 Bf8 $146 ({Predecessor:} 14... g6 15. d4 Qc7 16. d5 {½-½ (41) Perminaite,G (1543)-Kriviciute,V Panevezys 2015}) 15. a4 b4 16. d4 h6 (16... Qc7 $11) 17. d5 bxc3 18. bxc3 Rb8 19. Nd2 g6 20. Rf1 Bg7 21. Bd3 Rb6 22. Qe2 Qc8 23. Nc4 Nxc4 24. Bxc4 Qc7 25. Ra2 h5 26. Re1 Ra8 27. f4 ({Better is} 27. Nf1 $14) 27... h4 (27... exf4 $11 {keeps the balance.} 28. Bxf4 Ne8) 28. fxe5 $16 dxe5 29. Nf1 Nh5 30. Qf2 Nf4 31. Qxh4 Bf6 32. Qg3 Kg7 33. Nh2 Rh8 {Black wants to play ...Bh4.} 34. Rf1 Rb1 35. Ng4 (35. a5 $16) 35... Bg5 $1 $14 36. Bd2 (36. d6 $16 Qxd6 37. Rd2 Ne2+ 38. Rxe2 Rxc1 39. Rxc1 (39. Qxe5+ Qxe5 40. Nxe5 Rxf1+ 41. Kxf1 Bxa4 $14) (39. Nxe5 $2 Rxf1+ 40. Kxf1 Bh4 $19) 39... Bxc1 40. Nxe5 (40. Qxe5+ Qxe5 41. Nxe5 Bxa4 $14)) 36... Rxf1+ $1 $11 37. Kxf1 Qb8 38. Nf2 Qb1+ 39. Be1 Bh4 40. Qe3 Bxf2 41. Rxf2 ({Not} 41. Qxf2 $2 Qxe4 42. Bxa6 Bxh3 $1 $19 {[%mdl 512]}) ({Much weaker is} 41. Kxf2 Nxh3+ 42. Kf1 Nf4 $17) 41... Bxh3 $40 {[%mdl 128] Strongly threatening ...Rh4. Black has some attack.} 42. gxh3 $2 {[%mdl 8192]} (42. Kg1 $11) 42... Rxh3 $19 {[%cal Rh3h1] Black is clearly winning.} 43. Rf3 Rh1+ 44. Kf2 Qc2+ 45. Be2 Rh2+ (45... Nxe2 $142 46. Qd3 Rh2+ 47. Ke3 {[#]} Nd4 $1 {[%mdl 512]}) 46. Kf1 Rxe2 47. Rf2 Rxf2+ ({Less strong is} 47... Rxe3 48. Rxc2 Kf6 49. Bd2 $19) 48. Bxf2 Qxa4 {Accuracy: White = 51%, Black = 64%.} 0-1

[Event "1st GM Brena Baja-La Palma 2019"]
[Site "La Palma"]
[Date "2019.03.29"]
[Round "2.3"]
[White "Hernandez Leon, Alberto"]
[Black "Herrera Reyes, Jose Antonio"]
[Result "1/2-1/2"]
[WhiteElo "2280"]
[BlackElo "2324"]
[Annotator "NA"]
[PlyCount "54"]
[EventDate "2019.03.23"]
[EventType "tourn"]
[EventCountry "ESP"]
[SourceTitle "playchess.com"]
[Source "ChessBase"]
[SourceQuality "1"]
[TimeControl "5400+30"]

1. e4 {[%emt 0:00:00]} e5 {[%emt 0:00:00]} 2. Nf3 {[%emt 0:00:09]} Nf6 {[%emt 0:01:18]} 3. Nxe5 {[%emt 0:01:03]} d6 {[%emt 0:00:53]} 4. Nf3 {[%emt 0:00:23]} Nxe4 {[%emt 0:00:05]} 5. Nc3 {[%emt 0:01:47]} Nxc3 {[%emt 0:00:42]} 6. dxc3 {[%emt 0:00:16]} Be7 {[%emt 0:00:10]} 7. Bf4 {[%emt 0:01:01]} Be6 {[%emt 0:00:23]} 8. Qd2 {[%emt 0:01:11]} Nc6 {[%emt 0:01:11]} 9. Nd4 {[%emt 0:00:20]} Nxd4 {[%emt 0:00:51]} 10. cxd4 {[%emt 0:00:18]} d5 {[%emt 0:00:09]} 11. Bd3 {[%emt 0:00:24]} Bd6 {[%emt 0:00:48]} 12. O-O {[%emt 0:01:24]} O-O {[%emt 0:00:33]} 13. Rfe1 {[%emt 0:00:29]} c6 {[%emt 0:00:35]} 14. c3 {[%emt 0:00:33]} Qc7 {[%emt 0:00:26]} 15. Bxd6 {[%emt 0:00:20]} Qxd6 {[%emt 0:00:02]} 16. Qg5 {[%emt 0:01:23]} h6 {[%emt 0:00:45]} 17. Qe5 {[%emt 0:00:11]} Rad8 {[%emt 0:01:21]} 18. Qxd6 {[%emt 0:00:29]} Rxd6 {[%emt 0:00:01]} 19. Re3 {[%emt 0:00:22]} Re8 {[%emt 0:02:32]} 20. Rae1 {[%emt 0:00:53]} Kf8 {[%emt 0:00:31]} 21. f4 {[%emt 0:01:25]} Bd7 {[%emt 0:00:19]} 22. g3 {[%emt 0:00:39]} Rxe3 {[%emt 0:01:03]} 23. Rxe3 {[%emt 0:00:05]} Re6 {[%emt 0:02:09]} 24. Rxe6 {[%emt 0:00:11]} Bxe6 {[%emt 0:00:01]} 25. Kf2 {[%emt 0:00:12]} f6 {[%emt 0:00:30]} 26. Ke3 {[%emt 0:00:21]} Ke7 {[%emt 0:00:07]} 27. f5 {[%emt 0:01:21]} Bf7 {[%emt 0:00:39]} 1/2-1/2

[Event "1st GM Brena Baja-La Palma 2019"]
[Site "La Palma"]
[Date "2019.03.29"]
[Round "2.4"]
[White "Napoli, Nicolo"]
[Black "Munoz, Miguel"]
[Result "1/2-1/2"]
[WhiteElo "2321"]
[BlackElo "2482"]
[Annotator "TA"]
[PlyCount "50"]
[EventDate "2019.03.23"]
[EventType "tourn"]
[EventCountry "ESP"]
[SourceTitle "playchess.com"]
[Source "ChessBase"]
[SourceQuality "1"]

{[%evp 11,50,20,48,0,2,-37,0,0,0,0,0,0,0,0,0,6,8,0,0,0,0,0,0,0,0,-1,0,0,0,-11,-12,-13,-7,-19,0,0,0,-18,0,-13,0]} 1. d4 c5 2. d5 Nf6 3. Nf3 e6 4. Nc3 exd5 5. Nxd5 Nxd5 6. Qxd5 d6 {LiveBook: 59 Games. A43: Schmid Benoni} (6... Nc6 7. Ng5 Qe7 8. c3 d6 9. Bf4 Be6 10. Qd2 d5 11. e3 h6 12. Nxe6 Qxe6 13. O-O-O O-O-O 14. Bd3 Bd6 {1-0 (53) Kramnik,V (2809)-Hou,Y (2651) Medias 2016}) 7. Bd2 Nc6 8. Bc3 (8. e4 {is interesting.} Be6 9. Qd3 Be7 10. Be2 O-O 11. O-O) 8... h6 $146 {Black is slightly better.} (8... Be6 $5 {[%cal Re6d5]} 9. Qd2 d5 $11) ({Predecessor:} 8... Be6 9. Qd2 d5 10. e3 Qb6 11. b3 O-O-O 12. Be2 d4 13. Bb2 Be7 14. O-O Bf6 15. exd4 cxd4 {1-0 (59) Stala,G (1986)-Palmason,V (1892) Mysliborz 2007}) 9. e4 {The position is equal.} Be6 10. Qd2 d5 11. exd5 Qxd5 12. Qxd5 Bxd5 13. O-O-O O-O-O 14. Bd3 Nb4 15. Bf5+ Kc7 16. Be5+ Bd6 $1 17. a3 Bxe5 $1 18. Nxe5 Nc6 19. Nxc6 Bxc6 20. Bh3 Rxd1+ 21. Rxd1 Re8 22. Kd2 Rd8+ 23. Kc1 Re8 24. Kd2 Rd8+ 25. Kc1 Re8 {Accuracy: White = 48%, Black = 45%.} 1/2-1/2

[Event "1st GM Brena Baja-La Palma 2019"]
[Site "La Palma"]
[Date "2019.03.29"]
[Round "2.5"]
[White "Alvarado Diaz, Alejandro"]
[Black "Juhasz, Armin"]
[Result "1/2-1/2"]
[WhiteElo "2399"]
[BlackElo "2375"]
[Annotator "TA"]
[PlyCount "121"]
[EventDate "2019.03.23"]
[EventType "tourn"]
[EventCountry "ESP"]
[SourceTitle "playchess.com"]
[Source "ChessBase"]
[SourceQuality "1"]

{[%evp 17,121,25,32,31,39,28,10,-16,23,-43,-29,-34,-24,-27,0,0,0,0,-22,-22,0,-36,-35,-36,-47,-44,-52,-39,-57,-35,-50,-31,-17,-47,-25,-75,0,-51,-44,-43,-38,-91,-62,-101,-97,-95,-75,-66,-39,-37,-35,-46,-4,-14,0,0,33,37,39,31,31,35,45,45,93,91,118,117,113,112,114,108,110,110,119,117,125,119,125,121,109,16,17,8,8,8,8,8,11,8,8,8,8,8,8,8,8,8,8,8,8,8,8,8,8,8]} 1. d4 Nf6 2. Bg5 Ne4 3. Bf4 c5 4. f3 Qa5+ 5. c3 Nf6 6. d5 Qb6 7. Bc1 e6 8. e4 exd5 9. exd5 Bd6 {LiveBook: 32 Games. A45: Trompowsky Attack} (9... Be7 10. c4 d6 11. Bd3 Nbd7 12. f4 O-O 13. Nc3 Re8 14. Nge2 Nf8 15. Qc2 Bg4 16. O-O Bxe2 17. Bxe2 {0-1 (55) Mchedlishvili,M (2600)-Melkumyan,H (2664) Batumi 2018}) 10. Nh3 O-O 11. Be2 $146 ({Predecessor:} 11. Bc4 Re8+ 12. Kf2 a6 13. a4 Qd8 14. Bf4 Bxf4 15. Nxf4 d6 16. Nd2 Nbd7 17. Re1 {0-1 (27) Lhouvum,K-Chauhan,R India 2001}) 11... Re8 {White has an edge.} 12. O-O (12. Na3 {is interesting.} h6 13. Nf2 Bc7 14. c4 Be5 15. O-O) 12... Qc7 (12... Nxd5 $5 13. Bc4 Nf6 $11) 13. f4 (13. Kh1 $11) 13... c4 $15 14. Kh1 b5 15. a4 Bb7 16. axb5 Bxd5 17. Bf3 Qb7 18. Bxd5 Nxd5 19. Re1 Rxe1+ 20. Qxe1 Nf6 21. Be3 Qxb5 22. Bd4 $1 Nc6 23. Bxf6 $1 gxf6 24. Nd2 Be7 25. Rb1 Rb8 $36 {[%mdl 2048] Black fights for an advantage.} 26. Qe2 {[#]} d5 (26... Qf5 $1 $17 {White must now prevent ...d5.} 27. Qxc4 Qc2 {[%mdl 64] Double Attack}) 27. Nf2 (27. Qg4+ $11 Kh8 28. Qh5) 27... Bf8 $1 28. Ng4 Bg7 29. Qf2 {[#]} (29. h3 $15) 29... d4 $1 $17 {[%mdl 512] Hoping for ...dxc3.} 30. Ne4 (30. cxd4 c3) 30... Qf5 31. Qf3 dxc3 32. Nxc3 Nd4 (32... Re8 {feels hotter.} 33. h3 Nd4 34. Qf2 Nc2 35. Qxa7 h5) 33. Qg3 Kh8 34. Ne3 Qg6 (34... Qc5 {is more complex.} 35. Ne4 Qc6 36. Nd2 c3 37. bxc3 Rxb1+ 38. Nxb1 Qc5) 35. Nxc4 Qxg3 36. hxg3 f5 37. Ra1 Rb7 38. Ra5 Kg8 39. Kh2 h6 40. Nd5 Ne6 41. Nde3 Bxb2 42. Nxb2 ({But not} 42. Rxf5 $6 Bd4 $14) 42... Rxb2 43. Nxf5 $16 {[%mdl 4096] Endgame KRN-KRN} Rb7 44. Nxh6+ Kg7 45. Nf5+ Kf6 46. Nd6 Rd7 47. Nc8 Nd4 48. Nxa7 Rd8 49. g4 ({White should try} 49. Re5 $16) 49... Ne2 $1 $11 {The position is equal.} 50. g5+ Kg7 $1 {[%cal Rd8h8]} 51. g3 {Re5 is the strong threat.} Rd2 52. Kh3 {Strongly threatening Ra3.} Rd3 53. Kg2 Nxg3 54. Nc6 {And now Ne5 would win.} Nh5 55. Ra4 Rg3+ 56. Kf2 Rg4 57. Kf3 Rxf4+ 58. Rxf4 Nxf4 59. Kxf4 {Kf5 would kill now.} f6 60. gxf6+ Kxf6 61. Ke4 {Accuracy: White = 57%, Black = 64%.} 1/2-1/2